AERE M/M.

Bibliographic Details
Uniform Title:AERE M/M (Series)
Corporate Authors: Atomic Energy Research Establishment (Harwell, England), United Kingdom Atomic Energy Authority. Research Group
Format: Serial
Language:English
Published: Harwell, Berkshire : Atomic Energy Research Establishment.
Subjects:

MARC

Tag First Indicator Second Indicator Subfields
LEADER 00000cas a2200000 a 4500
001 in00001402594
005 20151020055438.0
008 980213c19uu9999enkuu m f0 0eng d
035 |a (OCoLC)38434196 
035 |9 AHN4484AM 
040 |a TXA  |c TXA  |d UtOrBLW 
049 |a TXAE 
090 |a TK9001  |b .A3568 
130 0 |a AERE M/M (Series) 
245 1 0 |a AERE M/M. 
246 1 3 |a A.E.R.E. M/M 
264 1 |a Harwell, Berkshire :  |b Atomic Energy Research Establishment. 
300 |a volumes :  |b illustrations ;  |c 28 cm. 
336 |a text  |b txt  |2 rdacontent 
337 |a unmediated  |b n  |2 rdamedia 
338 |a volume  |b nc  |2 rdacarrier 
500 |a Description based on: 12 (1957). 
500 |a Each number has a distinctive title. 
550 |a Issued by: United Kingdom Atomic Energy Authority, Research Group. 
515 |a M/M 12 also called: HP/M4 
650 0 |a Nuclear energy  |v Periodicals. 
710 2 |a Atomic Energy Research Establishment (Harwell, England) 
710 2 |a United Kingdom Atomic Energy Authority.  |b Research Group. 
948 |a C:JS/BS 
999 |a MARS 
999 f f |s c91493f7-38d0-3cb1-8bc5-37bfb988e614  |i 97f3ff49-f791-3532-a7dc-c5bbb2a0a180  |t 0 
952 f f |p ric  |a Texas A&M University  |b Rellis Campus  |c Joint Library Facility  |d Remote Storage  |t 0  |e TK9001 .A3568  |h Library of Congress classification  |i unmediated -- volume  |k 1-229  |m A14826164421 
998 f f |a TK9001 .A3568  |s 12, 148, 156, 179, 182, 193-194, 202, 217, 219, 228-229  |t 0  |l Remote Storage